| 000 | 00723cam a22002411 4500 | ||
|---|---|---|---|
| 008 | |||
| 020 | _a0719553741 (pbk.) | ||
| 049 | _aMAIN | ||
| 090 | 0 |
_aQH308.5 _bCLE |
|
| 100 | 1 | _aClegg, C.J. | |
| 245 | 1 | 0 |
_aAdvanced biology : _bprinciples and applications / _cC.J Clegg with D. G. Mackean. |
| 260 |
_aLondon : _bJohn Murray Publishers, _c1994 |
||
| 300 |
_a714 p. : _bill. (some col). ; _c31 cm. |
||
| 500 | _aIncludes index. | ||
| 504 | _aIncludes bibliographical references. | ||
| 650 | _aAdvanced biology. | ||
| 650 | 0 | _aBiology. | |
| 907 |
_a.b10366027 _b17-11-15 _c17-11-15 |
||
| 003 | |||
| 005 | 20230925165553.0 | ||
| 040 | _cNUST | ||
| 942 |
_cBOOKS _kQH308.5 _mCLE _01 |
||
| 999 |
_c97580 _d97580 |
||